000 00758nam a2200241 i 4500
001 bg
245 0 0 _aSłownik naukowo-techniczny angielsko-polski /
_cred. Maria M. Berger [et.al.].
246 1 1 _aEnglish-Polish dictionary of science and technology
260 _aWarszawa :
_bWydawnictwa Naukowo-Techniczne,
_c2001.
300 _aX, 1291 s. ;
_c25 cm.
500 _aTyt. równol. : English-Polish dictionary of science and technology.
650 9 _aSłownik angielsko-polski
650 9 _aTechnika
655 _aSłowniki
700 1 _aBERGER, Maria M.
_eRed.
020 _a8320424453
040 _cBPK
041 1 _aplen
080 _a62(038)=111=162.1
920 _a83-204-2445-3
942 _cKS
008 s pl f |000 0 pol
999 _c38936
_d38936
856 _uhttp://koha.tu.koszalin.pl/cgi-bin/koha/opac-detail.pl?biblionumber=38936
_yKatalog online BPK